[Event "Benidorm op U2000 15th"]
[Site "Benidorm"]
[Date "2016.12.08"]
[Round "8"]
[White "Cebolla Moll, Ricardo"]
[Black "Miquel Juan, Marcelo"]
[Result "1-0"]
[WhiteElo "1962"]
[BlackElo "1977"]
[PlyCount "131"]
[EventDate "2016.12.02"]
[EventType "swiss"]
[EventRounds "10"]
[EventCountry "ESP"]
[SourceTitle "EXT 2019"]
[Source "ChessBase"]
[SourceDate "2018.10.10"]
[SourceVersion "1"]
[SourceVersionDate "2018.10.10"]
[SourceQuality "1"]

1. f4 d5 2. Nf3 g6 3. e3 Bg7 4. Be2 Nf6 5. 0-0 0-0 6. d3 c5 7. h3 Nc6 8. Qe1 Qc7 9. c3 Rb8 10. g4 e5 11. fxe5 Nxe5 12. Nxe5 Qxe5 13. e4 g5 14. Bf3 dxe4 15. Nd2 Rd8 16. Nxe4 Nxe4 17. Bxe4 Rf8 18. Qf2 h6 19. Bd2 Be6 20. Rae1 Qd6 21. a3 b6 22. Qg2 Qd7 23. Be3 f5 24. gxf5 Bxf5 25. Rf3 Bxe4 26. dxe4 Rxf3 27. Qxf3 Rf8 28. Qg4 Qxg4+ 29. hxg4 Rd8 30. Kf2 Kf7 31. Ke2 Re8 32. Kf3 Be5 33. Rh1 Kg6 34. Rd1 Re7 35. Rd8 h5 36. Rg8+ Rg7 37. gxh5+ Kxh5 38. Rh8+ Kg6 39. Re8 Rf7+ 40. Kg4 Bf4 41. Re6+ Kg7 42. Bxf4 gxf4 43. Kf3 Kf8 44. Re5 Rd7 45. Rd5 Rh7 46. Rd8+ Ke7 47. Ra8 Kd6 48. Kxf4 Rh4+ 49. Ke3 a5 50. Kd3 Rh2 51. b4 axb4 52. axb4 cxb4 53. cxb4 Rh1 54. Kc4 Kc6 55. Rc8+ Kb7 56. Re8 Kc6 57. Re6+ Kc7 58. Kb5 Rh5+ 59. Ka6 b5 60. e5 Kd7 61. Rd6+ Ke7 62. Rd5 Ke6 63. Rxb5 Kd7 64. Rb6 Kc8 65. Rd6 Kc7 66. Rd5 1-0

[Event "Lorca op 4th"]
[Site "Lorca"]
[Date "2015.12.27"]
[Round "3"]
[White "Rahal, Michael"]
[Black "Miquel Juan, Marcelo"]
[Result "1-0"]
[WhiteElo "2347"]
[BlackElo "2072"]
[PlyCount "62"]
[EventDate "2015.12.26"]
[EventType "swiss"]
[EventRounds "9"]
[EventCountry "ESP"]
[SourceTitle "CBM 170 Extra"]
[Source "ChessBase"]
[SourceDate "2016.02.25"]
[SourceVersion "1"]
[SourceVersionDate "2016.02.25"]
[SourceQuality "1"]

1. e4 c5 2. Nf3 Nc6 3. d4 cxd4 4. Nxd4 e5 5. Nb5 d6 6. N1c3 a6 7. Na3 Be7 8. Nd5 Nf6 9. Nxf6+ Bxf6 10. Nc4 Be7 11. Be3 Be6 12. Nb6 Rb8 13. Qd2 0-0 14. c3 Bg5 15. Bxg5 Qxb6 16. Be2 Qc7 17. 0-0 f6 18. Be3 b5 19. Rac1 Na5 20. b3 Rfd8 21. Bf3 Kh8 22. Rfd1 Nb7 23. Qe2 Nc5 24. Bg4 Bf7 25. Qf3 Qb7 26. Bf5 g6 27. Bxg6 Bxg6 28. Bxc5 Qe7 29. Bb4 Kg7 30. Rd5 Qb7 31. Rcd1 Rbc8 1-0

[Event "Benidorm op U2000 12th"]
[Site "Benidorm"]
[Date "2013.12.07"]
[Round "10"]
[White "Miquel Juan, Marcelo"]
[Black "Marquez Bernal, Florencio"]
[Result "1-0"]
[WhiteElo "1672"]
[BlackElo "1895"]
[PlyCount "73"]
[EventDate "2013.11.29"]
[EventType "swiss"]
[EventRounds "10"]
[EventCountry "ESP"]
[SourceTitle "CBM 157 Extra"]
[Source "ChessBase"]
[SourceDate "2013.12.19"]
[SourceVersion "1"]
[SourceVersionDate "2013.12.19"]
[SourceQuality "1"]

1. e4 c5 2. Nf3 Nc6 3. d4 cxd4 4. Nxd4 g6 5. c4 Nf6 6. Nc3 d6 7. Nc2 Bg7 8. Be2 0-0 9. 0-0 Be6 10. Rb1 a6 11. b3 Rc8 12. f3 Qb6+ 13. Kh1 Ng4 14. Qe1 Bxc3 15. Qxc3 Nf2+ 16. Rxf2 Qxf2 17. Bh6 f6 18. Bxf8 Kxf8 19. Qd2 Ne5 20. Rf1 Qc5 21. Nd4 Bd7 22. h3 Kg8 23. f4 Nf7 24. Bg4 Bxg4 25. hxg4 a5 26. g5 e5 27. Ne6 Qc6 28. gxf6 Qxe4 29. Ng5 Qc6 30. Nxf7 Kxf7 31. fxe5 dxe5 32. Qh6 Qe8 33. Qxh7+ Ke6 34. f7 Qf8 35. Qxg6+ Kd7 36. Qf5+ Kd6 37. Qxc8 1-0

[Event "Benidorm op U2000 12th"]
[Site "Benidorm"]
[Date "2013.12.01"]
[Round "4"]
[White "Perez Guerra, Alberto"]
[Black "Miquel Juan, Marcelo"]
[Result "1-0"]
[WhiteElo "1921"]
[BlackElo "1672"]
[PlyCount "35"]
[EventDate "2013.11.29"]
[EventType "swiss"]
[EventRounds "10"]
[EventCountry "ESP"]
[SourceTitle "CBM 157 Extra"]
[Source "ChessBase"]
[SourceDate "2013.12.19"]
[SourceVersion "1"]
[SourceVersionDate "2013.12.19"]
[SourceQuality "1"]

1. e4 c5 2. Nf3 Nc6 3. Nc3 e5 4. Bc4 Nf6 5. Ng5 d5 6. exd5 Na5 7. Bb5+ Bd7 8. Qe2 Qc7 9. f4 Bd6 10. Bxd7+ Nxd7 11. Nce4 a6 12. f5 0-0 13. 0-0 Be7 14. d3 Kh8 15. Rf3 c4 16. Rh3 Nf6 17. d6 cxd3 18. cxd3 1-0

[Event "Provincial-ch Gandia Preferente"]
[Site "Gandia"]
[Date "2013.11.16"]
[Round "6"]
[White "Miquel Juan, Marcelo"]
[Black "Garcia Martin, Marta"]
[Result "0-1"]
[WhiteElo "1672"]
[BlackElo "1773"]
[PlyCount "102"]
[EventDate "2013.10.05"]
[EventType "swiss"]
[EventRounds "7"]
[EventCountry "ESP"]
[SourceTitle "EXT 2024"]
[Source "ChessBase"]
[SourceDate "2023.10.10"]
[SourceVersion "1"]
[SourceVersionDate "2023.10.10"]
[SourceQuality "1"]

1. e4 e5 2. Nf3 Nc6 3. Bb5 a6 4. Ba4 Nf6 5. 0-0 b5 6. Bb3 Be7 7. a4 Bb7 8. Re1 0-0 9. Nc3 b4 10. Nd5 d6 11. d3 Nxd5 12. Bxd5 Na5 13. Bxb7 Nxb7 14. c3 bxc3 15. bxc3 Na5 16. d4 Bf6 17. d5 Qd7 18. Nd2 Rfb8 19. Ba3 Bg5 20. Bb4 Bxd2 21. Qxd2 Nb3 22. Qc2 Nxa1 23. Rxa1 a5 24. Ba3 Ra7 25. Rb1 Rab7 26. Rxb7 Rxb7 27. f3 Qd8 28. c4 Qb8 29. c5 Qa7 30. Kf1 Qa6+ 31. Kf2 Rb8 32. Kg3 h6 33. cxd6 cxd6 34. Qc7 Rb6 35. Qd8+ Kh7 36. Qf8 f6 37. Qd8 Kg6 38. h4 Kh7 39. h5 Rb3 40. Bxd6 Qc4 41. Qd7 Qxe4 42. Bf8 Qf4+ 43. Kh3 Qg5 44. Qf7 Rb1 45. Qg6+ Qxg6 46. hxg6+ Kxg6 47. d6 Rd1 48. Be7 Kf7 49. Bd8 Rxd6 50. Bxa5 Ra6 51. Bd2 Rxa4 0-1

[Event "Provincial-ch Gandia Preferente"]
[Site "Gandia"]
[Date "2013.10.19"]
[Round "2"]
[White "Miquel Juan, Marcelo"]
[Black "De la Calle Llopis, Juan"]
[Result "0-1"]
[WhiteElo "1672"]
[BlackElo "1997"]
[PlyCount "48"]
[EventDate "2013.10.05"]
[EventType "swiss"]
[EventRounds "7"]
[EventCountry "ESP"]
[SourceTitle "EXT 2024"]
[Source "ChessBase"]
[SourceDate "2023.10.10"]
[SourceVersion "1"]
[SourceVersionDate "2023.10.10"]
[SourceQuality "1"]

1. e4 d6 2. Nf3 Nf6 3. Nc3 g6 4. Bc4 Bg7 5. d4 0-0 6. 0-0 c6 7. Re1 Bg4 8. h3 Bxf3 9. Qxf3 e5 10. dxe5 dxe5 11. Bg5 Nbd7 12. Rad1 Qc7 13. a4 a6 14. Qe3 b5 15. axb5 axb5 16. Be2 Rfd8 17. f4 h6 18. fxe5 hxg5 19. exf6 Bxf6 20. Bg4 Ne5 21. Qg3 Qb6+ 22. Kh1 b4 23. Ne2 Nc4 24. Rb1 Be5 0-1

[Event "Benidorm op U2000 11th"]
[Site "Benidorm"]
[Date "2012.12.08"]
[Round "10"]
[White "Miquel Juan, Marcelo"]
[Black "Turcheniak, Yury"]
[Result "0-1"]
[WhiteElo "1536"]
[BlackElo "1942"]
[PlyCount "69"]
[EventDate "2012.11.30"]
[EventType "swiss"]
[EventRounds "10"]
[EventCountry "ESP"]
[SourceTitle "EXT 2014"]
[Source "ChessBase"]
[SourceDate "2013.11.20"]
[SourceVersion "1"]
[SourceVersionDate "2013.11.20"]
[SourceQuality "1"]

1. e4 g6 2. Nf3 d6 3. c3 Bg7 4. d4 Nd7 5. Be2 c6 6. 0-0 Ngf6 7. Nbd2 0-0 8. Re1 a5 9. b3 Ne8 10. Bb2 Nc7 11. Qc2 Re8 12. c4 e5 13. d5 c5 14. Nb1 Nb6 15. Nfd2 f5 16. f3 f4 17. Nc3 Nd7 18. Ndb1 Nf6 19. Na3 g5 20. Qd1 h5 21. Na4 Na6 22. Nb5 Bf8 23. Bc3 b6 24. a3 Rb8 25. Rb1 Rb7 26. b4 Rf7 27. bxa5 bxa5 28. Qd2 g4 29. Bxa5 Qe7 30. Nb6 gxf3 31. Bxf3 Bg4 32. Rf1 Bxf3 33. Rxf3 Nxe4 34. Qe2 Ng5 35. Rfb3 0-1